000 00685nam a2200289Ia 4500
005 20260324135854.0
008 008 260324s9999 xx 000 0 eng d
020 _a9780203779804
037 _aEBOOK
040 _aCRL
040 _beng
040 _cCRL
041 _2eng
041 _aeng
084 _qCRL
100 _aKenneth A Frank
_91202233
245 0 _aPsychoanalytic Participation
245 0 _bAction, Interaction, and Integration
260 _bTaylor and Francis
260 _c1999
365 _a
365 _b220
856 _uhttp://www.taylorfrancis.com/books/9780203779804
942 _cEBOOK
999 _c1803754
_d1803754